000 00489nam a2200193Ia 4500
008 220531s9999 xx 000 0 und d
041 _aeng
082 _a580
_bHAI
100 _aHait, G. And Others
_970369
245 _aTextbook Of Botany, Vol.-1
250 _a1ST
260 _aKolkata
_bNew Central Book Agency
_c2015
300 _a726
542 _d06-11-2015
551 _aScience
_bNon-grant-SCI
650 _aBotany
_970370
906 _d2015-2016
999 _c39416
_d39416